[Event "Bad Wörishofen op 2012 28th"]
[Site "Bad Wörishofen (2.3.-10.3)"]
[Date "2012.03.03"]
[Round "2.49"]
[White "Schelle, Artur"]
[Black "Wiesbeck, Florian"]
[Result "1-0"]
[WhiteElo "2169"]
[BlackElo "1615"]
[PlyCount "47"]
[EventDate "2012.03.??"]
[EventType "swiss"]
[EventRounds "9"]
[EventCountry "GER"]
[SourceDate "2013.02.18"]
[WhiteTeam "München Tarrasch SC"]
[BlackTeam "AUT/Österreich"]
[BlackTeamCountry "AUT"]

1. e4 c5 2. Nc3 Nc6 3. f4 d6 4. Nf3 e6 5. Bb5 Bd7 6. O-O Nge7 7. d3 g6 8. d4
cxd4 9. Nxd4 Bg7 10. Be3 O-O 11. Nb3 Qc7 12. Qd2 a6 13. Be2 Rad8 14. a4 Nc8 15.
a5 N6e7 16. Bf3 Rfe8 17. Qf2 Bc6 18. Kh1 Kh8 19. Rad1 Kg8 20. Rd2 Rd7 21. Rfd1
Red8 22. g4 f5 23. Bg2 Kh8 24. Nd4 1-0

[Event "Bad Wörishofen op 2012 28th"]
[Site "Bad Wörishofen (2.3.-10.3)"]
[Date "2012.03.03"]
[Round "2.52"]
[White "Kretschel, Klaus"]
[Black "Schreib, Marc"]
[Result "1-0"]
[WhiteElo "1956"]
[BlackElo "1741"]
[PlyCount "113"]
[EventDate "2012.03.??"]
[EventType "swiss"]
[EventRounds "9"]
[EventCountry "GER"]
[SourceDate "2013.02.18"]
[WhiteTeam "Germering SK"]
[BlackTeam "Deisenhofen SF"]

1. d4 d5 2. Nf3 Nf6 3. Bf4 Bf5 4. e3 e6 5. Be2 h6 6. h3 Bd6 7. Ne5 Nbd7 8. Nd2
Ne4 9. O-O O-O 10. c4 Nxd2 11. Qxd2 f6 12. Nxd7 Qxd7 13. Bxd6 Qxd6 14. c5 Qe7
15. b4 Rad8 16. b5 e5 17. Rfc1 exd4 18. exd4 Rfe8 19. Bf1 Qf7 20. Rc3 Re6 21.
Ra3 Ra8 22. Qf4 Bg6 23. Rc1 c6 24. Qd2 cxb5 25. Bxb5 Qe7 26. Rg3 Kh7 27. Rb3 a6
28. Bf1 Rc8 29. g3 Rc7 30. h4 Qf7 31. Bh3 Ree7 32. Re1 Qe8 33. Rbe3 Rxe3 34.
Qxe3 Qxe3 35. Rxe3 Bf7 36. Kf1 Kg8 37. Ke1 Kf8 38. Kd2 Be8 39. Rb3 Ke7 40. Rb6
Bc6 41. Bf1 Kd8 42. Bd3 Ke7 43. Rb1 Kd8 44. a3 Re7 45. f4 Kc7 46. Rg1 h5 47.
Re1 Rxe1 48. Kxe1 Bd7 49. Bg6 Bg4 50. Bf7 Kc6 51. Kf2 Bd1 52. Ke3 Bg4 53. Kd3
Bf3 54. Kc3 Bg4 55. Kb4 Be2 56. Ka5 Kc7 57. Bxd5 1-0

[Event "Bad Wörishofen op 2012 28th"]
[Site "Bad Wörishofen (2.3.-10.3)"]
[Date "2012.03.03"]
[Round "2.53"]
[White "Kluegel, Jan"]
[Black "Woerl, Richard"]
[Result "1/2-1/2"]
[WhiteElo "1834"]
[BlackElo "1961"]
[PlyCount "104"]
[EventDate "2012.03.??"]
[EventType "swiss"]
[EventRounds "9"]
[EventCountry "GER"]
[SourceDate "2013.02.18"]
[WhiteTeam "Rendsburg VHS SV"]
[BlackTeam "Nürnberg Süd SW"]

1. d4 Nf6 2. Nf3 e6 3. e3 Be7 4. Bd3 O-O 5. O-O b6 6. e4 d5 7. e5 Nfd7 8. Qe2
c5 9. c3 Nc6 10. a3 Bb7 11. Bf4 Rc8 12. Nbd2 c4 13. Bc2 b5 14. Bg3 a5 15. h4 b4
16. Nh2 Ba6 17. Qh5 g6 18. Qh6 Nxd4 19. cxd4 b3 20. Bxb3 cxb3 21. Rfc1 Qb6 22.
Ndf3 Rc2 23. Rab1 Rfc8 24. Ng4 Qd8 25. Qf4 Rxc1+ 26. Rxc1 Rxc1+ 27. Qxc1 h5 28.
Nh6+ Kg7 29. Qf4 Qf8 30. Ng5 Bxa3 31. Nhxf7 Qe7 32. Qc1 Bxb2 33. Qxb2 a4 34.
Bf4 Nb6 35. Nd6 Nc4 36. Nxc4 dxc4 37. Bc1 a3 38. Qc3 Bc8 39. Ne4 b2 40. Bxb2
axb2 41. Qxb2 Bb7 42. Nd6 Bd5 43. g3 g5 44. Qa3 Kg6 45. hxg5 Qxg5 46. Qc3 Qg4
47. Qc2+ Kg7 48. Ne8+ Kf8 49. Nf6 Qxd4 50. Qc1 Kf7 51. Nxd5 exd5 52. Qg5 Qd1+
1/2-1/2

[Event "Bad Wörishofen op 2012 28th"]
[Site "Bad Wörishofen (2.3.-10.3)"]
[Date "2012.03.03"]
[Round "2.54"]
[White "Guggenberger, Guido"]
[Black "Marzec, Witold"]
[Result "1-0"]
[WhiteElo "1950"]
[BlackElo "1729"]
[PlyCount "39"]
[EventDate "2012.03.??"]
[EventType "swiss"]
[EventRounds "9"]
[EventCountry "GER"]
[SourceDate "2013.02.18"]
[WhiteTeam "München Tarrasch SC"]
[BlackTeam "Bonner SG "L""]

1. d4 Nf6 2. c4 e6 3. Nf3 d5 4. cxd5 exd5 5. Bg5 Be7 6. e3 Nbd7 7. Bd3 h6 8.
Bh4 O-O 9. Nc3 c5 10. Ne2 cxd4 11. Nexd4 Nc5 12. O-O Nxd3 13. Qxd3 g6 14. Rac1
Be6 15. Nxe6 fxe6 16. Qxg6+ Kh8 17. Qxh6+ Kg8 18. Nd4 Rf7 19. Bxf6 Bxf6 20.
Nxe6 1-0

[Event "Bad Wörishofen op 2012 28th"]
[Site "Bad Wörishofen (2.3.-10.3)"]
[Date "2012.03.03"]
[Round "2.55"]
[White "Wilms, Robert"]
[Black "Diotallevi, Maurizio"]
[Result "0-1"]
[WhiteElo "1867"]
[BlackElo "1999"]
[PlyCount "66"]
[EventDate "2012.03.??"]
[EventType "swiss"]
[EventRounds "9"]
[EventCountry "GER"]
[SourceDate "2013.02.18"]
[WhiteTeam "Hamburg 1934 SF"]
[BlackTeam "ITA/Italien"]
[BlackTeamCountry "ITA"]

1. e4 e6 2. d4 d5 3. exd5 exd5 4. Nf3 Bd6 5. Bd3 Nc6 6. c3 Nge7 7. Bg5 f6 8.
Bh4 Bg4 9. Bg3 Bh5 10. Nbd2 Bg6 11. Qc2 Qd7 12. O-O-O O-O-O 13. Bxd6 Qxd6 14.
Rde1 Bxd3 15. Qxd3 g6 16. g3 h5 17. Re2 Qd7 18. Rhe1 Qf5 19. Kc2 Qxd3+ 20. Kxd3
Nf5 21. Re6 Rhf8 22. Nf1 Kd7 23. R6e2 Rde8 24. Rxe8 Rxe8 25. Rxe8 Kxe8 26. Ne3
Nxe3 27. Kxe3 g5 28. h4 g4 29. Nd2 Kd7 30. f4 Ke6 31. a4 Nd8 32. c4 Nf7 33.
cxd5+ Kxd5 0-1

[Event "Bad Wörishofen op 2012 28th"]
[Site "Bad Wörishofen (2.3.-10.3)"]
[Date "2012.03.03"]
[Round "2.58"]
[White "Remensberger, Hansuli"]
[Black "Herold, Gunther"]
[Result "1-0"]
[WhiteElo "2018"]
[BlackElo "1723"]
[PlyCount "144"]
[EventDate "2012.03.??"]
[EventType "swiss"]
[EventRounds "9"]
[EventCountry "GER"]
[SourceDate "2013.02.18"]
[WhiteTeam "SUI/Schweiz"]
[BlackTeam "Obergünzburg SC"]
[WhiteTeamCountry "SUI"]

1. d4 Nf6 2. Bg5 e6 3. e4 Be7 4. Nd2 d5 5. Bxf6 Bxf6 6. c3 dxe4 7. Nxe4 e5 8.
dxe5 Qxd1+ 9. Rxd1 Bxe5 10. Nf3 Nd7 11. g3 Nf6 12. Nxe5 Nxe4 13. Bg2 Nf6 14.
O-O Rb8 15. Bc6+ Ke7 16. Rfe1 Be6 17. Rd4 Ne8 18. Rb4 Nd6 19. Bg2 c5 20. Ra4 a6
21. Nd3 c4 22. Nf4 Rhe8 23. Nxe6 fxe6 24. Ra5 Kf6 25. Rae5 Re7 26. f4 Rbe8 27.
g4 g6 28. Bh3 Kf7 29. Kf2 Rd8 30. R1e2 Rdd7 31. Bg2 Ne8 32. h3 Ng7 33. Rc5 Rc7
34. Rxc7 Rxc7 35. Rd2 Ke7 36. Rd4 b6 37. Bf1 b5 38. Bg2 Ne8 39. Re4 Nd6 40. Re5
Kf6 41. Bf3 Nf7 42. Re2 g5 43. fxg5+ Nxg5 44. Bg2 Nf7 45. Ke3 h6 46. h4 Rd7 47.
Rd2 Rc7 48. Ke4 Ke7 49. Kf4 Kf6 50. Be4 Re7 51. Rg2 e5+ 52. Ke3 Rd7 53. Rd2 Nd6
54. Rf2+ Kg7 55. Rg2 Rf7 56. g5 Nxe4 57. gxh6+ Kxh6 58. Kxe4 Rf4+ 59. Kxe5 Rxh4
60. a3 Kh7 61. Kd5 Rh6 62. Kc5 Re6 63. Kb4 Rd6 64. a4 Rb6 65. axb5 axb5 66. Rg5
Rc6 67. Kxb5 Rc8 68. Kb4 Rb8+ 69. Kxc4 Rxb2 70. Kc5 Ra2 71. Kb4 Rb2+ 72. Kc4
Rb8 1-0

[Event "Bad Wörishofen op 2012 28th"]
[Site "Bad Wörishofen (2.3.-10.3)"]
[Date "2012.03.03"]
[Round "2.59"]
[White "Moors, Marc"]
[Black "Harsch, Martin"]
[Result "1-0"]
[WhiteElo "1879"]
[BlackElo "1837"]
[PlyCount "97"]
[EventDate "2012.03.??"]
[EventType "swiss"]
[EventRounds "9"]
[EventCountry "GER"]
[SourceDate "2013.02.18"]
[WhiteTeam "Brasschaat SK"]
[BlackTeam "SUI/Schweiz"]
[BlackTeamCountry "SUI"]

1. d4 d5 2. Nf3 Nf6 3. e3 c6 4. c4 e6 5. Nc3 Bd6 6. Bd3 O-O 7. O-O Nbd7 8. e4
dxc4 9. Bxc4 e5 10. Bg5 b5 11. Bb3 b4 12. Na4 Qc7 13. Bxf6 Nxf6 14. dxe5 Bxe5
15. Nxe5 Qxe5 16. f3 Ba6 17. Rf2 Rac8 18. Rc1 Rfd8 19. Rd2 Rxd2 20. Qxd2 Qe7
21. Nc5 Rd8 22. Qxb4 Bc8 23. Qc3 Nh5 24. Qe3 g5 25. g3 h6 26. Ba4 Qc7 27. Kf2
Qa5 28. Rc3 Ba6 29. a3 Nf6 30. b4 Qb6 31. Nxa6 Qxa6 32. Bxc6 Rd1 33. b5 Qa5 34.
Kg2 Kg7 35. Rd3 Rxd3 36. Qxd3 Qe1 37. Qc2 Qe3 38. Qb2 Kg6 39. e5 Ng8 40. Be4+
Kg7 41. e6+ f6 42. a4 Ne7 43. a5 g4 44. b6 gxf3+ 45. Bxf3 axb6 46. axb6 Ng6 47.
b7 Ne5 48. Bd5 Nd3 49. b8=Q 1-0

[Event "Bad Wörishofen op 2012 28th"]
[Site "Bad Wörishofen (2.3.-10.3)"]
[Date "2012.03.03"]
[Round "2.60"]
[White "Van Eck, Ted"]
[Black "Muench, Werner"]
[Result "0-1"]
[WhiteElo "1691"]
[BlackElo "1647"]
[PlyCount "66"]
[EventDate "2012.03.??"]
[EventType "swiss"]
[EventRounds "9"]
[EventCountry "GER"]
[SourceDate "2013.02.18"]
[WhiteTeam "NED/Niederlande"]
[BlackTeam "Widdern SC"]
[WhiteTeamCountry "NED"]

1. d3 d5 2. Nf3 Nf6 3. Nbd2 Nc6 4. g3 e5 5. Bg2 Bc5 6. O-O O-O 7. c4 e4 8. dxe4
dxe4 9. Ng5 e3 10. Nde4 Nxe4 11. Nxe4 exf2+ 12. Kh1 Bd4 13. e3 Be5 14. Bd2 Qe7
15. Rxf2 Be6 16. Qe2 Rad8 17. Nc3 Nb4 18. b3 c6 19. a3 Nd3 20. Rff1 f5 21. e4
f4 22. g4 Qh4 23. Bf3 h5 24. gxh5 Bh3 25. Bg2 Bxg2+ 26. Qxg2 f3 27. Qg1 f2 28.
Qg2 Rf3 29. Bg5 Qxh5 30. Bxd8 Rh3 31. Rxf2 Nxf2+ 32. Kg1 Rxh2 33. Qg5 Nh3+ 0-1

[Event "Bad Wörishofen op 2012 28th"]
[Site "Bad Wörishofen (2.3.-10.3)"]
[Date "2012.03.03"]
[Round "2.61"]
[White "Wiessner, Johann"]
[Black "Hipp, Hermann"]
[Result "1/2-1/2"]
[WhiteElo "1755"]
[BlackElo "1843"]
[PlyCount "47"]
[EventDate "2012.03.??"]
[EventType "swiss"]
[EventRounds "9"]
[EventCountry "GER"]
[SourceDate "2013.02.18"]
[WhiteTeam "Lechhausen SC"]
[BlackTeam "Marktoberdorf SK"]

1. d4 d5 2. c4 c6 3. Nf3 Nf6 4. Nc3 g6 5. g3 Bg7 6. Bg2 dxc4 7. Ne5 Nbd7 8.
Nxc4 O-O 9. O-O Nb6 10. Ne5 Be6 11. e4 Qc8 12. Be3 Bh3 13. Qe2 Bxg2 14. Kxg2
Nbd7 15. Nd3 b6 16. f4 Qb7 17. Qf3 e6 18. Rad1 Rac8 19. Bg1 a6 20. e5 Nd5 21.
Ne4 Rc7 22. Nd6 Qa8 23. Rc1 Rd8 24. a3 1/2-1/2

[Event "Bad Wörishofen op 2012 28th"]
[Site "Bad Wörishofen (2.3.-10.3)"]
[Date "2012.03.03"]
[Round "2.62"]
[White "Mack, Thomas Dr(43)"]
[Black "Koch, Harald"]
[Result "1/2-1/2"]
[WhiteElo "1906"]
[BlackElo "1834"]
[PlyCount "45"]
[EventDate "2012.03.??"]
[EventType "swiss"]
[EventRounds "9"]
[EventCountry "GER"]
[SourceDate "2013.02.18"]
[WhiteTeam "München Tarrasch SC"]
[BlackTeam "Kissing SK"]

1. e4 Nc6 2. Nf3 d5 3. exd5 Qxd5 4. Nc3 Qa5 5. Bb5 Bd7 6. O-O a6 7. Ba4 O-O-O
8. a3 Bg4 9. Bxc6 bxc6 10. h3 h5 11. d3 Nf6 12. Re1 Qf5 13. Re3 e6 14. Qf1 Bd6
15. d4 Bxf3 16. Rxf3 Qxc2 17. Bg5 Qg6 18. Bh4 Kd7 19. Na4 Rb8 20. Rc1 Qe4 21.
Bg3 Qxd4 22. Qxa6 Rhc8 23. Qxc6+ 1/2-1/2

[Event "Bad Wörishofen op 2012 28th"]
[Site "Bad Wörishofen (2.3.-10.3)"]
[Date "2012.03.03"]
[Round "2.63"]
[White "Koelbl, Jonathan"]
[Black "Valet, Richard"]
[Result "1-0"]
[WhiteElo "1848"]
[BlackElo "1938"]
[PlyCount "137"]
[EventDate "2012.03.??"]
[EventType "swiss"]
[EventRounds "9"]
[EventCountry "GER"]
[SourceDate "2013.02.18"]
[WhiteTeam "Klosterlechfeld SK"]
[BlackTeam "Greifswalder SV"]

1. e4 c5 2. Nc3 Nc6 3. f4 g6 4. Nf3 Bg7 5. Bb5 Nd4 6. O-O Nxb5 7. Nxb5 a6 8.
Nc3 e6 9. d3 Ne7 10. Qe1 Nc6 11. f5 Nd4 12. fxg6 hxg6 13. Qg3 Nxf3+ 14. Qxf3
Bd4+ 15. Be3 Rh7 16. Bxd4 cxd4 17. Ne2 d6 18. Qf2 e5 19. c3 dxc3 20. Nxc3 Be6
21. d4 Qb6 22. Rad1 f5 23. Kh1 f4 24. Nd5 Bxd5 25. exd5 O-O-O 26. Qc2+ Rc7 27.
Qxg6 Qxb2 28. dxe5 dxe5 29. d6 Rcd7 30. Qe6 Kb8 31. Rfe1 Rg7 32. Qd5 Ka8 33. h3
Rdd7 34. Rxe5 Rxd6 35. Re8+ Ka7 36. Qc5+ b6 37. Re7+ Rxe7 38. Qxd6 Rg7 39. Qd5
Qf2 40. Rd3 Qf1+ 41. Kh2 Rxg2+ 42. Qxg2 Qxd3 43. Qg7+ Ka8 44. Qf8+ Kb7 45. Qxf4
Qc2+ 46. Kg3 Qxa2 47. h4 Qg8+ 48. Qg4 Qb8+ 49. Kh3 b5 50. h5 Qd6 51. Qg7+ Kc6
52. h6 Qe6+ 53. Kh4 Qe1+ 54. Kg5 Qe3+ 55. Kf6 Qf4+ 56. Ke7 Qc7+ 57. Kf8 Qd8+
58. Kf7 Qd5+ 59. Ke8 Qe6+ 60. Kf8 Qd6+ 61. Ke8 Qe6+ 62. Kd8 Qd6+ 63. Kc8 Qe6+
64. Kb8 Qd6+ 65. Ka7 b4 66. h7 b3 67. h8=Q a5 68. Qb7+ Kc5 69. Qc3# 1-0

[Event "Bad Wörishofen op 2012 28th"]
[Site "Bad Wörishofen (2.3.-10.3)"]
[Date "2012.03.03"]
[Round "2.64"]
[White "Von Saldern, Ruediger"]
[Black "De Luna Butz, Alberto"]
[Result "1-0"]
[WhiteElo "1905"]
[BlackElo "1663"]
[PlyCount "67"]
[EventDate "2012.03.??"]
[EventType "swiss"]
[EventRounds "9"]
[EventCountry "GER"]
[SourceDate "2013.02.18"]
[WhiteTeam "Starnberger See SF"]
[BlackTeam "ESP/Spanien"]
[BlackTeamCountry "ESP"]

1. d4 e6 2. c4 f5 3. Nc3 Nf6 4. Bg5 Be7 5. Bxf6 Bxf6 6. e4 fxe4 7. Nxe4 O-O 8.
Nf3 Nc6 9. Be2 d6 10. O-O Bd7 11. Qd2 Qe8 12. Nxf6+ Rxf6 13. b4 e5 14. b5 Nxd4
15. Nxd4 exd4 16. Bf3 Rxf3 17. gxf3 Bh3 18. Kh1 Bxf1 19. Rxf1 Qf7 20. Qd3 Rf8
21. Kg2 c5 22. bxc6 bxc6 23. Rb1 c5 24. Rb3 h6 25. Ra3 Re8 26. Ra6 Re6 27. Rc6
g6 28. Qb1 Kg7 29. Qb8 Qf4 30. Rxc5 Re5 31. Rc7+ Kf6 32. Qd8+ Ke6 33. Re7+ Kf6
34. Qxd6+ 1-0

[Event "Bad Wörishofen op 2012 28th"]
[Site "Bad Wörishofen (2.3.-10.3)"]
[Date "2012.03.03"]
[Round "2.65"]
[White "Gulde, Josef"]
[Black "Natterer, Winfried"]
[Result "1-0"]
[WhiteElo "1905"]
[BlackElo "1658"]
[PlyCount "37"]
[EventDate "2012.03.??"]
[EventType "swiss"]
[EventRounds "9"]
[EventCountry "GER"]
[SourceDate "2013.02.18"]
[WhiteTeam "Krumbach SK"]
[BlackTeam "Dietmannsried SC"]

1. d4 d5 2. c4 e6 3. Nc3 Nf6 4. Nf3 Nbd7 5. cxd5 exd5 6. a3 c6 7. Qc2 Be7 8.
Bf4 O-O 9. e3 Re8 10. Bd3 Nf8 11. O-O Be6 12. Rfc1 Rc8 13. Na4 Bd6 14. Ne5 N6d7
15. Nxf7 Bxf7 16. Bxd6 Nf6 17. Bg3 b6 18. Ba6 Ra8 19. Qxc6 1-0

[Event "Bad Wörishofen op 2012 28th"]
[Site "Bad Wörishofen (2.3.-10.3)"]
[Date "2012.03.03"]
[Round "2.67"]
[White "Herrmann, Matthias(07.62)"]
[Black "Jakob, Matthias(82)"]
[Result "1/2-1/2"]
[WhiteElo "1775"]
[BlackElo "1945"]
[PlyCount "57"]
[EventDate "2012.03.??"]
[EventType "swiss"]
[EventRounds "9"]
[EventCountry "GER"]
[SourceDate "2013.02.18"]
[WhiteTeam "Karlsbad SF"]
[BlackTeam "Kaarst SG"]

1. f4 c5 2. Nf3 Nc6 3. e3 g6 4. Bb5 Bg7 5. Nc3 a6 6. Bxc6 dxc6 7. O-O Nf6 8. b3
O-O 9. Bb2 b5 10. Ne5 Qb6 11. Qf3 Bb7 12. d3 Rfd8 13. Rad1 Nd7 14. Ne4 f6 15.
Nxd7 Rxd7 16. f5 g5 17. Qg3 c4 18. Bd4 Rxd4 19. exd4 Qxd4+ 20. Qf2 Rd8 21. Qxd4
Rxd4 22. bxc4 Kf7 23. c3 Rd8 24. Nc5 Bc8 25. cxb5 cxb5 26. Rde1 Rd5 27. d4 Bxf5
28. Nxa6 Bd3 29. Rf3 1/2-1/2

[Event "Bad Wörishofen op 2012 28th"]
[Site "Bad Wörishofen (2.3.-10.3)"]
[Date "2012.03.03"]
[Round "2.68"]
[White "Tichacek, Alois"]
[Black "Straub, Hermann"]
[Result "0-1"]
[WhiteElo "1559"]
[BlackElo "1916"]
[PlyCount "86"]
[EventDate "2012.03.??"]
[EventType "swiss"]
[EventRounds "9"]
[EventCountry "GER"]
[SourceDate "2013.02.18"]
[WhiteTeam "Marktoberdorf SK"]
[BlackTeam "Frankenthal(Pfalz) SK"]

1. d4 b6 2. c4 e6 3. e4 Bb7 4. Nc3 Bb4 5. Bd3 f5 6. Qf3 Nf6 7. d5 fxe4 8. Bxe4
Nxe4 9. Qxe4 O-O 10. Nge2 exd5 11. cxd5 Bxc3+ 12. bxc3 Re8 13. Qd4 Qe7 14. Be3
Ba6 15. Rd1 d6 16. Rd2 Nd7 17. O-O Ne5 18. Re1 Nc4 19. Rd3 Qf7 20. Nf4 Ne5 21.
Rdd1 Bc8 22. f3 Bf5 23. Kf2 h6 24. h3 Rad8 25. g4 Bd7 26. Rf1 Rf8 27. Kg3 Rde8
28. Rf2 b5 29. Rdf1 Nc4 30. Bc1 a5 31. Nh5 Re7 32. f4 g6 33. f5 gxh5 34. Bxh6
h4+ 35. Kh2 Rfe8 36. g5 Re2 37. g6 Rxf2+ 38. Rxf2 Qe7 39. Bf4 Bxf5 40. Rg2 Qe4
41. Qf2 Ne5 42. g7 Nf3+ 43. Kh1 Qe1+ 0-1

[Event "Bad Wörishofen op 2012 28th"]
[Site "Bad Wörishofen (2.3.-10.3)"]
[Date "2012.03.03"]
[Round "2.70"]
[White "Buchaeckert, Juergen"]
[Black "Mircoli, Filippo"]
[Result "1-0"]
[WhiteElo "1816"]
[BlackElo "1491"]
[PlyCount "43"]
[EventDate "2012.03.??"]
[EventType "swiss"]
[EventRounds "9"]
[EventCountry "GER"]
[SourceDate "2013.02.18"]
[WhiteTeam "Ludwigshafen 1912 SK"]
[BlackTeam "ITA/Italien"]
[BlackTeamCountry "ITA"]

1. e4 c5 2. c3 d5 3. exd5 Qxd5 4. d4 Nc6 5. Nf3 Bg4 6. Be2 cxd4 7. cxd4 e6 8.
Nc3 Bb4 9. O-O Bxc3 10. bxc3 Nge7 11. h3 Bh5 12. Rb1 b6 13. Rb5 Bxf3 14. Rxd5
Bxd5 15. c4 Be4 16. Bf3 Bxf3 17. Qxf3 O-O 18. Bb2 Rfd8 19. Rd1 Rac8 20. d5 exd5
21. cxd5 Nb4 22. Qg4 1-0

[Event "Bad Wörishofen op 2012 28th"]
[Site "Bad Wörishofen (2.3.-10.3)"]
[Date "2012.03.03"]
[Round "2.71"]
[White "Gajewski, Richard"]
[Black "Ranker, Klemens"]
[Result "1-0"]
[WhiteElo "1681"]
[BlackElo "1787"]
[PlyCount "63"]
[EventDate "2012.03.??"]
[EventType "swiss"]
[EventRounds "9"]
[EventCountry "GER"]
[SourceDate "2013.02.18"]
[WhiteTeam "Gunzenhausen FC"]
[BlackTeam "Hauptstuhl SC"]

1. e4 c5 2. f4 Nc6 3. Nf3 d6 4. Bc4 Bd7 5. c3 g6 6. O-O Bg7 7. Qb3 e6 8. Na3
Na5 9. Qc2 Nxc4 10. Nxc4 Bc6 11. f5 Qc7 12. fxe6 f6 13. Ng5 Nh6 14. Nf7 Nxf7
15. exf7+ Kxf7 16. Qb3 Ke7 17. d4 g5 18. e5 dxe5 19. dxe5 Raf8 20. Be3 Bd5 21.
Rad1 Be6 22. Rfe1 h6 23. Rd6 f5 24. Rxe6+ Kxe6 25. Nb6+ c4 26. Nxc4 Ke7 27.
Qb4+ Ke6 28. Bxa7 Ra8 29. Bb6 Qc6 30. Ne3 Rhf8 31. Bc5 Qa4 32. Qxb7 1-0

[Event "Bad Wörishofen op 2012 28th"]
[Site "Bad Wörishofen (2.3.-10.3)"]
[Date "2012.03.03"]
[Round "2.72"]
[White "Rennenkampff, Juergen"]
[Black "Sakowski, Christian"]
[Result "0-1"]
[WhiteElo "1678"]
[BlackElo "1864"]
[PlyCount "72"]
[EventDate "2012.03.??"]
[EventType "swiss"]
[EventRounds "9"]
[EventCountry "GER"]
[SourceDate "2013.02.18"]
[WhiteTeam "Trudering SC"]
[BlackTeam "Türkheim/Wörishofen SC"]

1. c4 c5 2. Nc3 b6 3. Nf3 Bb7 4. g3 Nf6 5. Bg2 Nc6 6. O-O g6 7. d3 Bg7 8. e4
O-O 9. Bf4 d6 10. Qd2 Re8 11. Bh6 Bh8 12. a3 a6 13. h4 Ng4 14. Bh3 Nxh6 15.
Qxh6 Bg7 16. Qd2 h5 17. Kh2 Bc8 18. Bxc8 Rxc8 19. Nd5 e6 20. Ne3 Qf6 21. Qe2
Qxb2 22. Qxb2 Bxb2 23. Rab1 Bxa3 24. Rxb6 a5 25. Rb3 Bb4 26. Ra1 Ra8 27. Ra4
Reb8 28. Nc2 Kg7 29. Kg2 Kf6 30. d4 e5 31. dxc5 dxc5 32. Ne3 Kg7 33. Nd5 f6 34.
Nc7 Ra7 35. Nb5 Rd7 36. Nc3 Rd3 0-1

[Event "Bad Wörishofen op 2012 28th"]
[Site "Bad Wörishofen (2.3.-10.3)"]
[Date "2012.03.03"]
[Round "2.73"]
[White "Heinich, Manfred"]
[Black "Kannenberg, Karl-Heinz"]
[Result "0-1"]
[WhiteElo "1939"]
[BlackElo "2139"]
[PlyCount "80"]
[EventDate "2012.03.??"]
[EventType "swiss"]
[EventRounds "9"]
[EventCountry "GER"]
[SourceDate "2013.02.18"]
[WhiteTeam "München Blinden SC (DBSB)"]
[BlackTeam "Kitzingen SC"]

1. d4 d5 2. c4 c6 3. Nf3 Nf6 4. Nc3 a6 5. c5 Bf5 6. Bf4 Nbd7 7. e3 Nh5 8. Bd3
Nxf4 9. exf4 Bxd3 10. Qxd3 e6 11. O-O g6 12. b4 Bg7 13. a4 O-O 14. b5 Qa5 15.
Rac1 axb5 16. axb5 f6 17. Rfe1 Rfe8 18. Rc2 e5 19. fxe5 fxe5 20. Ra2 Qd8 21.
Rxa8 Qxa8 22. Qe3 e4 23. Nd2 Qa5 24. Nb3 Qb4 25. Rb1 Ra8 26. bxc6 bxc6 27. Qh3
Nf8 28. Ne2 Ra3 29. Qc3 Qb5 30. Qc2 Qa4 31. Kf1 Ne6 32. g3 Ra2 33. Rb2 Rxb2 34.
Qxb2 Qb5 35. Qc2 Bxd4 36. Kg2 Bxc5 37. Nxc5 Qxc5 38. Qa4 Qd6 39. Qa8+ Kg7 40.
Qa7+ Qc7 0-1

[Event "Bad Wörishofen op 2012 28th"]
[Site "Bad Wörishofen (2.3.-10.3)"]
[Date "2012.03.03"]
[Round "2.74"]
[White "Buchal, Stephan"]
[Black "Engl, Heinz"]
[Result "1/2-1/2"]
[WhiteElo "2264"]
[BlackElo "2021"]
[PlyCount "80"]
[EventDate "2012.03.??"]
[EventType "swiss"]
[EventRounds "9"]
[EventCountry "GER"]
[SourceDate "2013.02.18"]
[WhiteTeam "Werder Bremen SV"]
[BlackTeam "München Blinden SC (DBSB)"]

1. e4 c5 2. Nf3 g6 3. c3 Bg7 4. d4 cxd4 5. cxd4 d5 6. e5 Bg4 7. Nbd2 Nc6 8. h3
Bxf3 9. Nxf3 Qb6 10. Bd3 e6 11. b3 Nge7 12. O-O O-O 13. Ba3 Nb4 14. Qd2 Nec6
15. Be2 Rfc8 16. Rfc1 a5 17. Rc5 Bf8 18. Rc3 a4 19. Rb1 Nxd4 20. Nxd4 Rxc3 21.
Qxc3 Nxa2 22. Qb2 Bxa3 23. Qxa2 Qxd4 24. Qxa3 Qe4 25. Qa2 a3 26. Bf1 Qxe5 27.
b4 Qc3 28. b5 Ra4 29. Ra1 d4 30. Be2 d3 31. Bf3 b6 32. Kh2 Qe5+ 33. g3 Qxb5 34.
Rb1 Qc4 35. Qxc4 Rxc4 36. Rxb6 Ra4 37. Rb1 e5 38. Kg2 e4 39. Bd1 Ra5 40. Ra1 f5
1/2-1/2

[Event "Bad Wörishofen op 2012 28th"]
[Site "Bad Wörishofen (2.3.-10.3)"]
[Date "2012.03.03"]
[Round "2.75"]
[White "Rahls, Peter"]
[Black "Lindenmair, Anton"]
[Result "1-0"]
[WhiteElo "2101"]
[BlackElo "1975"]
[PlyCount "47"]
[EventDate "2012.03.??"]
[EventType "swiss"]
[EventRounds "9"]
[EventCountry "GER"]
[SourceDate "2013.02.18"]
[WhiteTeam "Berlin Zehlendorf SK"]
[BlackTeam "DBSB (Blindenschachbund)"]

1. c4 Nf6 2. Nc3 g6 3. g3 Bg7 4. Bg2 O-O 5. d4 d6 6. e4 c6 7. Nge2 e5 8. O-O
Nbd7 9. h3 exd4 10. Nxd4 Nc5 11. Bf4 Re8 12. Re1 Ne6 13. Nxe6 Bxe6 14. Qd3 Qd7
15. g4 Red8 16. Rad1 Ne8 17. b3 Qe7 18. Ne2 Be5 19. Be3 Bg7 20. Bd4 Qh4 21. f4
d5 22. cxd5 cxd5 23. e5 Qe7 24. f5 1-0

[Event "Bad Wörishofen op 2012 28th"]
[Site "Bad Wörishofen (2.3.-10.3)"]
[Date "2012.03.03"]
[Round "2.76"]
[White "Pohlers, Juergen"]
[Black "Ries, Heinz-Gerd Dr"]
[Result "1-0"]
[WhiteElo "1875"]
[BlackElo "1740"]
[PlyCount "57"]
[EventDate "2012.03.??"]
[EventType "swiss"]
[EventRounds "9"]
[EventCountry "GER"]
[SourceDate "2013.02.18"]
[WhiteTeam "Leipzig Allianz BSV(DBSB)"]
[BlackTeam "Muengersdorf SF"]

1. d4 d5 2. c4 e6 3. Nc3 Nf6 4. Bg5 Be7 5. e3 Nbd7 6. Nf3 O-O 7. cxd5 exd5 8.
Bd3 h6 9. Bf4 c6 10. h3 Re8 11. O-O Bb4 12. Qc2 Qe7 13. a3 Bd6 14. Rac1 Nf8 15.
Rcd1 Be6 16. Ne5 Rac8 17. Qe2 a6 18. Rc1 c5 19. Qf3 b5 20. Ng4 Bxg4 21. hxg4 b4
22. Bxd6 Qxd6 23. dxc5 Qxc5 24. axb4 Qxb4 25. Bxa6 Rcd8 26. Bb5 Re6 27. Bd3
Qxg4 28. Qxg4 Nxg4 29. Bf5 1-0

[Event "Bad Wörishofen op 2012 28th"]
[Site "Bad Wörishofen (2.3.-10.3)"]
[Date "2012.03.03"]
[Round "2.77"]
[White "Schellmann, Frank"]
[Black "Schulz, Michael(58)"]
[Result "1/2-1/2"]
[WhiteElo "2004"]
[BlackElo "2070"]
[PlyCount "97"]
[EventDate "2012.03.??"]
[EventType "swiss"]
[EventRounds "9"]
[EventCountry "GER"]
[SourceDate "2013.02.18"]
[WhiteTeam "Halle Einheit SC"]
[BlackTeam "München Bayern FC"]

1. e4 c5 2. c3 g6 3. Nf3 Bg7 4. d4 cxd4 5. cxd4 d5 6. e5 Bg4 7. Nbd2 Nc6 8. h3
Bf5 9. Bb5 e6 10. O-O Nge7 11. Re1 Qb6 12. Ba4 O-O 13. g4 Bd3 14. Nb3 Be4 15.
Ng5 Rfd8 16. Be3 h6 17. Nxe4 dxe4 18. Qb1 Qb4 19. Bxc6 Nxc6 20. Qxe4 a5 21. Nc5
Nxd4 22. Bxd4 Rxd4 23. Qxb7 Qxb7 24. Nxb7 Rb4 25. Nc5 Rxb2 26. Nd3 Rd2 27. Red1
Rxd1+ 28. Rxd1 Rd8 29. f4 g5 30. fxg5 hxg5 31. Kf1 Bxe5 32. Ke2 Rd5 33. Rc1 Kg7
34. Rc6 Bd6 35. Nb2 Rc5 36. Rxd6 Rc3 37. Rd3 Rc2+ 38. Rd2 Rc3 39. Nd3 f5 40.
Ke3 Rc4 41. Nf2 Kf6 42. Rb2 Ra4 43. Kf3 Ra3+ 44. Kg2 Ke5 45. Re2+ Kf6 46. Rd2
Ke5 47. Re2+ Kf6 48. Rd2 Ke5 49. Re2+ 1/2-1/2